Responses for Show #6833 - Wednesday, May 7, 2014

Battle of the Decades quarterfinal game 3.

Contestants

[<< previous game]

Dan Pawson, a global health consultant from Brooklyn, New York

Brad Rutter, an actor and producer from Hollywood, California

Mark Lowenthal, an intelligence educator from Reston, Virginia

[next game >>]

Jeopardy! Round responses

VERBS WITH OTHER MEANINGS
FARMING
FROM "D" TO DINING "D"
(Alex: Each correct response beginning and ending with that letter.)
FOLKLORE
THE SOUTH
THEY LEFT US IN THE LAST YEAR
    $200 8
rush

Dan
    $200 26
tons (short ton, long ton)

Dan
    $200 6
deviled

Brad
    $200 21
an elephant

Dan
    $200 13
(Dan: What is... New Orleans?)

Mobile

MarkDan
    $200 1
(Mark: [Selecting the clue] Let's say goodbye to the people IN THE LAST YEAR for $200, Alex.)

Philip Seymour Hoffman

Mark
    $400 9
pore

Brad
    $400 27
organic

Brad
    $400 7
deep-fried

Dan
    $400 22
sneakers

Dan
    $400 14
Pensacola

Brad
    $400 2
Lou Reed

Triple Stumper
    $600 10
strip

Dan
    $2,000 28
a combine

Brad
    $600 17
dressed

Dan
    $600 23
(Mark: What is... Hamelin?)

Bremen

MarkBrad
    $600 15
(Brad: What's a turkey?)

a duck

Brad
Triple Stumper
    $600 3
(Mark: Well, we're doing so well. Let's stay with that...)
[Laughter]
(Mark: Let's stay with that for $800, Alex.)

Slim Whitman

Triple Stumper
    $800 11
mail

Brad
    $800 29
a hog

Triple Stumper
    $800 18
deglazed

Brad
    $800 24
(Dan: What is A Doll's House?)

The Master Builder

MarkDan
    $800 16
North Carolina

Dan
    $800 4
Helen Thomas

Brad
    $1000 12
beat

Mark
    $1000 30
fixation

Triple Stumper
    $1000 19
deveined

Brad
    $1000 25
(Brad: What's a rabbit?)
...
(Mark: All right, we're left with FARMING.)
[Brad laughs.]

a pĂșca

MarkBrad
    $1000 20
Kennesaw Mountain

Dan
    $1000 5
(Ray) Harryhausen

Brad

Scores at the first commercial break (after clue 15):

Mark Brad Dan
$1,400 $3,000 $1,000

Scores at the end of the Jeopardy! Round:

Mark Brad Dan
$2,600 $6,800 $3,400

Double Jeopardy! Round responses

CHINESE ART
READ"ING"
(Alex: Those three letters coming up a lot.)
WHEEL OF JEOPARDY!
EUROPEAN RULERS
GOVT. MED. ABBREV.
MOVIE DIRECTORS
    $400 29
jade

Dan
    $400 24
To Kill a Mockingbird

Brad
    $400 23
landing gear

Dan
    $400 1
the Bourbons

Dan
    $400 27
children

Dan
    $400 22
Tarantino

Dan
    $800 30
San Francisco

Triple Stumper
    $800 25
(Mark: I was caught between two cities there.)

Slouching Towards Bethlehem

Mark
    $800 11
the University of Arizona

Dan
    $800 2
Liechtenstein

Brad
    $800 28
a health savings account

Dan
    $800 26
Paul Thomas Anderson

Brad
    $1200 21
(Alex: What are [*]? Brad?)
[Mark chuckles.]
(Brad: The other ones were so hard.)
[Laughter]

mountains

Triple Stumper
    $1200 8
(Mark: What is... Waiting for Mr. Goodbar?)
...
(Alex: What is [*], not Waiting.)
(Mark: You're right.)
(Alex: Thank you.)
[Laughter]

Looking for Mr. Goodbar

Mark
Triple Stumper
    $1200 12
misery loves company

Dan
    $1200 4
Peter the Great

Brad
    $4,000 15
COBRA

Brad
    $1200 18
(Kathryn) Bigelow

Brad
    $1600 3
bamboo

Mark
    $10,000 9
(Alex: Hard to wipe the grin off your face when that one came up, wasn't it? Go again.)
(Brad: I read it in high school.)

(Henry) Fielding

Brad
    $1600 13
Pythagorean theorem

Brad
    $1600 6
the Picts

Brad
    $1600 16
federal poverty level

Triple Stumper
    $1600 19
Vincente Minnelli

Triple Stumper
    $2000 5
(Mark: Who are the Ming?)

the Song Dynasty

Mark
Triple Stumper
    $2000 10
As I Lay Dying

Dan
    $2000 14
(Alex: Tougher one, [*].)

Vauxhall Roadster

Triple Stumper
    $2000 7
Louis Philippe

Brad
    $2000 17
coordination of benefits

Triple Stumper
    $2000 20
Terrence Malick

Brad

Scores at the end of the Double Jeopardy! Round:

Mark Brad Dan
$1,800 $32,400 $10,200
(lock game)

Final Jeopardy! Round responses

SUPREME COURT DECISIONS
(Alex: And the triggering event was a famous one including... a lady by the name of Rosa Parks.)
...
(Mark: That would not be right.)
(Alex: Your response would not be right?)
...
(Alex: We go to Dan Pawson now. He was in second place with $10,200. He wrote down--)
(Dan: I like Mark's answer.)
[Laughter]
(Alex: No, it wasn't a strike.)
...
(Brad: He stumped us.)
(Alex: We stumped all three of you.)
[Mark chuckles.]
MarkWhat is Auto Ford Plant Strike?
$1,500
DanWhat is strike?
$9,801
BradWhat is a strike?
$0
the Montgomery bus boycott

Final scores:

Mark Brad Dan
$300 $32,400 $399
3rd place: $10,000 if eliminated Automatic semifinalist 2nd place: $10,000 if eliminated

Game dynamics:

Coryat scores:

Mark Brad Dan
$1,800 $19,800 $10,200
7 R,
3 W
22 R
(including 3 DDs),
2 W
18 R,
2 W

Combined Coryat: $31,800

[game clues] [game scores] [suggest correction]

Game tape date: 2014-04-16
The J! Archive is created by fans, for fans. Scraping, republication, monetization, and malicious use prohibited; this site may use cookies and collect identifying information. See terms. The Jeopardy! game show and all elements thereof, including but not limited to copyright and trademark thereto, are the property of Jeopardy Productions, Inc. and are protected under law. This website is not affiliated with, sponsored by, or operated by Jeopardy Productions, Inc. Join the discussion at JBoard.tv.